Normal view
MARC view
- Camilar-Serrano, Angelita Ong.
Entry Personal Name
001 - CONTROL NUMBER
- control field: 50824
003 - CONTROL NUMBER IDENTIFIER
- control field: OSt
005 - DATE AND TIME OF LATEST TRANSACTION
- control field: 20240125111455.0
008 - FIXED-LENGTH DATA ELEMENTS
- fixed length control field: 240125|| aca||aabn | a|a d
040 ## - CATALOGING SOURCE
- Original cataloging agency: OSt
- Transcribing agency: OSt
100 ## - HEADING--PERSONAL NAME
- Personal name: Camilar-Serrano, Angelita Ong.
670 ## - SOURCE DATA FOUND
- Source citation: Work cat.: (OSt): Camilar-Serrano, Angelita Ong., Management of human behavior in an organization /, ©2022.
